000 00355nam a22001217a 4500
082 _a220 PRO
100 _aMEHREEN, SADAF, RIDHA
_971431
245 _aPR-SOF-1320-DEVELOPMENT AND SIMULATIION ENVIRNMENT FOR AUTONOMOUS VEHICLES
260 _aISLAMABAD
_bNUST COLLEGE OF EME
_c2013
650 _aDE-COMP-31
700 _aDR SHOAB A KHAN
_918474
942 _cCR
999 _c577957
_d577957